000 00471nam a2200157Ia 4500
008 230917s9999||||xx |||||||||||||| ||und||
020 _cFIF70
040 _e4036
_aMAIN
041 _aEnglish
082 _a309.1 D269E
100 _aDeutsch, Karl W. ed.
245 0 _aEcosocial systems and ecopolitics: A reader on human and social implications of enviornmental management in developing countries
260 _aParis
_bUnesco
_c1977
300 _a368 p.
942 _cBK
999 _c211121
_d211121